Szczegóły MARC21

Neither lady nor slave : working women of the Old South /

003 -Nazwa inst., której nr kontr. jest w polu 001 [,]
    • @
    • Nazwa instytucji, której n kontrolny jest w polu 001
    • NUKAT
005 -DATA I CZAS OSTATNIEJ MODYFIKACJI [,]
    • @
    • pole kontrolne
    • 20241231091330.0
020 -Międzynarod. znormalizowany nr książki - ISBN [ , ]
    • a
    • Numer ISBN
    • 0807827355 Find
    • q
    • Dopowiedzenie
    • cloth : alk. paper
020 -Międzynarod. znormalizowany nr książki - ISBN [ , ]
    • a
    • Numer ISBN
    • 0807854107 Find
    • q
    • Dopowiedzenie
    • pbk.: alk. paper
040 -Instytucja sporządzająca opis [ , ]
    • a
    • Instytucja, która sporządziła opis (NP)
    • SZCZ U/JS
    • b
    • Język katalogowania
    • pol
    • e
    • Zasady katalogowania
    • rda
    • c
    • Instytucja, która sporządziła rekord (NP)
    • SZCZ U/JSs
044 -Kraj miejsca wydania [ , ]
    • a
    • Kraj miejsca wydania
    • Stany Zjednoczone po 1988
    • a
    • Kraj miejsca wydania
    • Wielka Brytania po 1988
942 -Rodzaj dokumentu [ , ]
    • c
    • Rodzaj dokumentu
    • Książka
245 -Strefa tytułu i oznaczenia odpowiedzialności [0,0]
    • a
    • Tytuł
    • Neither lady nor slave : Find
    • b
    • Ciąg dalszy tytułu (NP)
    • working women of the Old South / Find
    • c
    • Pozostałe elementy strefy tytułu i oznaczenia odpowiedzialności (NP)
    • edited by Susanna Delfino & Michele Gillespie.
260 -Strefa adresu wydawniczego [ , ]
    • a
    • Miejsce wydania (P)
    • Chapel Hill ;
    • a
    • Miejsce wydania (P)
    • London :
    • b
    • Nazwa wydawcy (P)
    • The University of North Carolina Press,
    • c
    • Data wydania (P)
    • © 2002.
300 -Strefa opisu fizycznego [ , ]
    • a
    • Określenie formy książki i/lub objętość (NP)
    • VIII, [4], 324 strony ;
    • c
    • Format (NP)
    • 24 cm.
336 -Typ zawartości [ , ]
    • a
    • Termin opisujący typ zawartości
    • Tekst
    • b
    • Kod określający zawartość
    • txt
    • 2
    • Źródło (terminu i kodu)
    • rdacontent
337 -Typ mediów [ , ]
    • a
    • Tryb odtwarzania
    • Bez urządzenia pośredniczącego
    • b
    • Kod typu mediów
    • n
    • 2
    • Źródło (terminu i kodu)
    • rdamedia
338 -Typ/rodzaj nośnika [ , ]
    • a
    • Hasło opisujące typ nośnika
    • Wolumin
    • b
    • Kod typu nośnika
    • nc
    • 2
    • Źródło (terminu i kodu)
    • rdacarrier
380 -Deskryptor - Forma dzieła (P) [ , ]
    • a
    • forma dzieła (NP)
    • Książki
380 -Deskryptor - Forma dzieła (P) [ , ]
    • a
    • forma dzieła (NP)
    • Publikacje naukowe
388 -Deskryptor - czas powstania dzieła (P) [1, ]
    • a
    • Czas powstania dzieła (NP)
    • 2001-
504 -Uwaga dot. bibliogr. załącznikowej [ , ]
    • a
    • Uwaga dot. bibliografii załącznikowej
    • Indeks.
080 -Uniwersalna Klasyfikacja Dziesiętna [ , ]
    • 2
    • Identyfikator wydania tablic
    • UDC-P058
    • a
    • Symbol klasyfikacji
    • 331-055.2
    • b
    • Dopowiedzenie
    • Praca kobiet.
    • x
    • Poddział wspólny
    • (73-13)
    • b
    • Dopowiedzenie
    • (Stany Zjednoczone Ameryki Północnej. USA - Południe. Południowy).
    • x
    • Poddział wspólny
    • "18"
    • b
    • Dopowiedzenie
    • Wiek XIX.
    • x
    • Poddział wspólny
    • =111
    • b
    • Dopowiedzenie
    • =Język angielski.
650 -Hasło przedmiotowe [ ,7]
    • a
    • Hasło przedmiotowe
    • Kobiety
    • z
    • Określnik geograficzny
    • Stany Zjednoczone Południowe
    • y
    • Określnik chronologiczny
    • 19 w.
    • 2
    • Źródło terminu
    • kaba
    • 9
    • KHW
    • 458553
650 -Hasło przedmiotowe [ ,7]
    • a
    • Hasło przedmiotowe
    • Kobiety
    • x
    • Określnik rzeczowy
    • praca
    • z
    • Określnik geograficzny
    • Stany Zjednoczone Południowe.
    • 2
    • Źródło terminu
    • kaba
    • 9
    • KHW
    • 686713
650 -Hasło przedmiotowe [ ,7]
    • a
    • Hasło przedmiotowe
    • Pracownice
    • z
    • Określnik geograficzny
    • Stany Zjednoczone.
    • 2
    • Źródło terminu
    • kaba
    • 9
    • KHW
    • 686712
651 -Hasło przedmiotowe w formie nazwy geograficznej [ ,7]
    • a
    • Nazwa geograficzna
    • Stany Zjednoczone (część południowa)
    • 2
    • Źródło terminu
    • DBN
980 -Symbol UKD [ , ]
    • a
    • UKD
    • 331-055.2(73-13)"18"=111
700 -Hasło dodatkowe - nazwa osobowa [1, ]
    • a
    • Nazwa osobowa (NP)
    • Delfino, Susanna Find
    • d
    • Daty biograficzne (NP)
    • (1949- ).
    • e
    • Określenie rodzaju współpracy
    • Redakcja
    • 9
    • KHW
    • 686637
700 -Hasło dodatkowe - nazwa osobowa [1, ]
    • a
    • Nazwa osobowa (NP)
    • Gillespie, Michele Find
    • d
    • Daty biograficzne (NP)
    • (1960- ).
    • e
    • Określenie rodzaju współpracy
    • Redakcja
    • 9
    • KHW
    • 686638
710 -Hasło dodatkowe - nazwa ciała zbiorowego [2, ]
    • a
    • Nazwa ciała zbiorowego lub nazwa geograficzna jako pierwszy element (NP)
    • University of North Carolina Press.
    • e
    • Rodzaj współpracy
    • Wydawca
    • 4
    • Kod relacji
    • pbl
    • 9
    • KHW
    • 80118
920 -ISBN [ , ]
    • a
    • ISBN
    • 0-8078-2735-5 Find
    • q
    • Dopowiedzenie
    • cloth : alk. paper
920 -ISBN [ , ]
    • a
    • ISBN
    • 0-8078-5410-7 Find
    • q
    • Dopowiedzenie
    • pbk.: alk. paper
Sygnatura Status udost. Numer inwentarzowy Data inwentaryzacji Lokalizacja
ANG. Kultura Stanów Zjedn. 0631A.78372008-03-05BM